[Event "2025 National K-12 Grade Championship"]
[Site "Spokane, WI USA, United States"]
[Date "2025.12.13"]
[Round "4.22"]
[White "Liu, Liam"]
[Black "Dubey, Shiv"]
[Result "1/2-1/2"]
[TimeControl "G/90; d10"]
[WhiteFideId "39918270"]
[BlackFideId "39910105"]
[WhiteElo "2117"]
[BlackElo "1838"]

1. e4 {[%clk 01:29:29]} {[%emt 00:00:41]} e5 {[%clk 01:30:00]} {[%emt
00:00:02]} 2. Nf3 {[%clk 01:29:20]} {[%emt 00:00:18]} Nc6 {[%clk 01:30:00]}
{[%emt 00:00:05]} 3. d4 {[%clk 01:29:20]} {[%emt 00:00:05]} exd4 {[%clk
01:30:00]} {[%emt 00:00:05]} 4. Nxd4 {[%clk 01:29:20]} {[%emt 00:00:04]} Nf6
{[%clk 01:29:52]} {[%emt 00:00:19]} 5. Nxc6 {[%clk 01:29:20]} {[%emt 00:00:05]}
bxc6 {[%clk 01:29:52]} {[%emt 00:00:03]} 6. e5 {[%clk 01:29:20]} {[%emt
00:00:07]} Qe7 {[%clk 01:29:52]} {[%emt 00:00:03]} 7. Qe2 {[%clk 01:28:57]}
{[%emt 00:00:33]} Nd5 {[%clk 01:29:52]} {[%emt 00:00:09]} 8. c4 {[%clk
01:28:55]} {[%emt 00:00:12]} Ba6 {[%clk 01:29:37]} {[%emt 00:00:26]} 9. b3
{[%clk 01:28:55]} {[%emt 00:00:08]} g6 {[%clk 01:28:29]} {[%emt 00:01:18]} 10.
f4 {[%clk 01:28:23]} {[%emt 00:00:42]} g5 {[%clk 01:28:15]} {[%emt 00:00:24]}
11. f5 {[%clk 01:27:54]} {[%emt 00:00:39]} O-O-O {[%clk 01:25:51]} {[%emt
00:02:34]} 12. Bb2 {[%clk 01:26:19]} {[%emt 00:01:45]} Qc5 {[%clk 01:24:14]}
{[%emt 00:01:47]} 13. Nd2 {[%clk 01:20:59]} {[%emt 00:05:29]} Ne3 {[%clk
01:24:14]} {[%emt 00:00:02]} 14. Ne4 {[%clk 01:18:36]} {[%emt 00:02:33]} Qb6
{[%clk 01:24:14]} {[%emt 00:00:01]} 15. Qf2 {[%clk 01:07:10]} {[%emt 00:11:35]}
Ba3 {[%clk 01:11:31]} {[%emt 00:12:53]} 16. Bc3 {[%clk 00:57:26]} {[%emt
00:09:54]} d5 {[%clk 00:41:52]} {[%emt 00:29:49]} 17. c5 {[%clk 00:39:54]}
{[%emt 00:17:43]} Qb7 {[%clk 00:38:31]} {[%emt 00:03:32]} 18. Qxe3 {[%clk
00:32:16]} {[%emt 00:07:47]} dxe4 {[%clk 00:36:11]} {[%emt 00:02:30]} 19. Bxa6
{[%clk 00:22:55]} {[%emt 00:09:31]} Qxa6 {[%emt 00:00:21]} 20. Rd1 {[%clk
00:21:33]} {[%emt 00:01:31]} Rxd1+ {[%emt 00:06:05]} 21. Kxd1 {[%clk 00:21:33]}
{[%emt 00:00:06]} Rd8+ {[%clk 00:29:39]} {[%emt 00:00:41]} 22. Kc2 {[%clk
00:20:21]} {[%emt 00:01:22]} Bb4 {[%clk 00:27:58]} {[%emt 00:01:51]} 23. Bb2
{[%clk 00:17:26]} {[%emt 00:03:04]} Rd2+ {[%clk 00:16:45]} {[%emt 00:11:24]} 24.
Kb1 {[%clk 00:17:26]} {[%emt 00:00:06]} Qd3+ {[%clk 00:16:45]} {[%emt
00:00:10]} 25. Qxd3 {[%clk 00:17:26]} {[%emt 00:00:07]} Rxd3 {[%clk 00:16:45]}
{[%emt 00:00:03]} 26. a3 {[%clk 00:09:12]} {[%emt 00:08:25]} Bxc5 {[%clk
00:15:48]} {[%emt 00:01:07]} 27. Kc2 {[%clk 00:09:12]} {[%emt 00:00:07]} Re3
{[%clk 00:14:10]} {[%emt 00:01:48]} 28. Rd1 {[%clk 00:08:25]} {[%emt 00:00:56]}
1/2-1/2

[Event "2025 National K-12 Grade Championship"]
[Site "Spokane, WI USA, United States"]
[Date "2025.12.13"]
[Round "4.23"]
[White "Chen, Celine"]
[Black "Boyer-Olson, Jack"]
[Result "1-0"]
[TimeControl "G/90; d10"]
[WhiteFideId "39915107"]
[BlackFideId "39967735"]
[WhiteElo "1942"]
[BlackElo "2034"]

1. d4 {[%clk 01:30:00]} {[%emt 00:00:02]} d5 {[%clk 01:30:00]} {[%emt
00:00:08]} 2. c4 {[%clk 01:30:00]} {[%emt 00:00:03]} c6 {[%clk 01:30:00]}
{[%emt 00:00:09]} 3. cxd5 {[%clk 01:30:00]} {[%emt 00:00:03]} cxd5 {[%clk
01:30:00]} {[%emt 00:00:06]} 4. Bf4 {[%clk 01:30:00]} {[%emt 00:00:03]} Nf6
{[%clk 01:29:59]} {[%emt 00:00:10]} 5. Nc3 {[%clk 01:30:00]} {[%emt 00:00:09]}
Nc6 {[%clk 01:29:50]} {[%emt 00:00:18]} 6. e3 {[%clk 01:30:00]} {[%emt
00:00:07]} e6 {[%clk 01:29:20]} {[%emt 00:00:40]} 7. Nf3 {[%clk 01:29:15]}
{[%emt 00:00:56]} Bb4 {[%clk 01:28:39]} {[%emt 00:00:50]} 8. Bd3 {[%clk
01:28:27]} {[%emt 00:00:58]} O-O {[%clk 01:28:16]} {[%emt 00:00:31]} 9. O-O
{[%clk 01:28:24]} {[%emt 00:00:15]} h6 {[%clk 01:28:04]} {[%emt 00:00:21]} 10.
h3 {[%clk 01:25:21]} {[%emt 00:03:14]} Bd6 {[%clk 01:25:51]} {[%emt 00:02:23]}
11. Bxd6 {[%emt 00:00:46]} Qxd6 {[%clk 01:25:32]} {[%emt 00:00:08]} 12. Rc1
{[%clk 01:23:47]} {[%emt 00:01:28]} Bd7 {[%clk 01:24:26]} {[%emt 00:01:16]} 13.
a3 {[%clk 01:21:02]} {[%emt 00:02:56]} Rac8 {[%clk 01:22:34]} {[%emt 00:02:01]}
14. Qe2 {[%clk 01:03:42]} {[%emt 00:17:30]} a6 {[%clk 01:20:27]} {[%emt
00:02:16]} 15. Rfd1 {[%clk 00:54:21]} {[%emt 00:09:33]} b5 {[%clk 01:20:14]}
{[%emt 00:00:23]} 16. b4 {[%clk 00:52:31]} {[%emt 00:02:00]} Rc7 {[%clk
01:19:32]} {[%emt 00:00:52]} 17. Bxb5 {[%clk 00:51:15]} {[%emt 00:01:25]} a5
{[%clk 01:16:43]} {[%emt 00:03:00]} 18. Bd3 {[%clk 00:41:44]} {[%emt 00:09:40]}
Na7 {[%clk 01:13:02]} {[%emt 00:03:46]} 19. Ne5 {[%clk 00:37:17]} {[%emt
00:04:42]} axb4 {[%clk 01:11:50]} {[%emt 00:01:22]} 20. axb4 {[%clk 00:37:17]}
{[%emt 00:00:07]} Qxb4 {[%clk 01:04:01]} {[%emt 00:07:59]} 21. Nxd5 {[%clk
00:36:33]} {[%emt 00:00:54]} Nxd5 {[%clk 01:03:58]} {[%emt 00:00:13]} 22. Rxc7
{[%clk 00:36:33]} {[%emt 00:00:03]} Nxc7 {[%clk 01:03:55]} {[%emt 00:00:11]} 23.
Nxd7 {[%clk 00:36:33]} {[%emt 00:00:06]} Rd8 {[%clk 01:03:25]} {[%emt
00:00:37]} 24. Ne5 {[%clk 00:34:48]} {[%emt 00:01:58]} Nd5 {[%clk 01:02:50]}
{[%emt 00:00:45]} 25. Ra1 {[%clk 00:30:42]} {[%emt 00:04:16]} Nc8 {[%clk
01:01:42]} {[%emt 00:01:16]} 26. Qh5 {[%clk 00:24:46]} {[%emt 00:06:08]} Nd6
{[%clk 01:01:04]} {[%emt 00:00:49]} 27. Qd1 {[%clk 00:21:23]} {[%emt 00:03:33]}
Rc8 {[%clk 00:58:16]} {[%emt 00:02:59]} 28. Qb1 {[%clk 00:17:29]} {[%emt
00:04:03]} Qxb1+ {[%clk 00:54:49]} {[%emt 00:03:38]} 29. Rxb1 {[%clk 00:17:29]}
{[%emt 00:00:10]} g6 {[%clk 00:54:39]} {[%emt 00:00:19]} 30. Ra1 {[%clk
00:15:19]} {[%emt 00:02:20]} Nb4 {[%clk 00:53:48]} {[%emt 00:01:01]} 31. Ra4
{[%clk 00:14:30]} {[%emt 00:00:59]} Nxd3 {[%clk 00:53:08]} {[%emt 00:00:58]} 32.
Nxd3 {[%clk 00:14:30]} {[%emt 00:00:01]} Rc3 {[%clk 00:52:53]} {[%emt
00:00:23]} 33. Ne5 {[%clk 00:14:12]} {[%emt 00:00:29]} Rc1+ {[%clk 00:52:42]}
{[%emt 00:00:22]} 34. Kh2 {[%clk 00:14:12]} {[%emt 00:00:01]} Rc2 {[%clk
00:52:37]} {[%emt 00:00:13]} 35. Ra6 {[%clk 00:13:05]} {[%emt 00:01:18]} Nf5
{[%clk 00:49:17]} {[%emt 00:03:30]} 36. Ra8+ {[%clk 00:12:47]} {[%emt
00:00:29]} Kg7 {[%clk 00:47:06]} {[%emt 00:02:20]} 37. Ra7 {[%clk 00:12:47]}
{[%emt 00:00:04]} Rxf2 {[%clk 00:45:41]} {[%emt 00:01:35]} 38. Rxf7+ {[%clk
00:12:47]} {[%emt 00:00:09]} Kg8 {[%clk 00:45:41]} {[%emt 00:00:01]} 39. e4
{[%clk 00:12:28]} {[%emt 00:00:29]} Re2 {[%clk 00:45:33]} {[%emt 00:00:18]} 40.
exf5 {[%clk 00:12:28]} {[%emt 00:00:05]} Rxe5 {[%clk 00:45:33]} {[%emt
00:00:06]} 41. dxe5 {[%clk 00:12:15]} {[%emt 00:00:23]} Kxf7 {[%clk 00:45:33]}
{[%emt 00:00:08]} 42. f6 {[%clk 00:12:15]} 1-0

[Event "2025 National K-12 Grade Championship"]
[Site "Spokane, WI USA, United States"]
[Date "2025.12.13"]
[Round "4.24"]
[White "Jani, Aakash"]
[Black "Liu, Alexandra"]
[Result "1/2-1/2"]
[TimeControl "G/90; d10"]
[WhiteFideId "30996163"]
[BlackFideId "39974219"]
[WhiteElo "2014"]
[BlackElo "1774"]

1. e4 {[%clk 01:30:00]} {[%emt 00:00:04]} c6 {[%clk 01:30:00]} {[%emt
00:00:01]} 2. Nc3 {[%clk 01:29:49]} {[%emt 00:00:21]} d5 {[%clk 01:30:00]}
{[%emt 00:00:05]} 3. Nf3 {[%clk 01:29:28]} {[%emt 00:00:31]} Bg4 {[%clk
01:30:00]} {[%emt 00:00:06]} 4. h3 {[%clk 01:29:06]} {[%emt 00:00:31]} Bxf3
{[%clk 01:30:00]} {[%emt 00:00:02]} 5. Qxf3 {[%clk 01:28:36]} {[%emt 00:00:39]}
e6 {[%clk 01:30:00]} {[%emt 00:00:05]} 6. d3 {[%clk 01:28:04]} {[%emt
00:00:41]} Bb4 {[%clk 01:30:00]} {[%emt 00:00:10]} 7. Bd2 {[%clk 01:27:43]}
{[%emt 00:00:30]} Ne7 {[%clk 01:29:24]} {[%emt 00:00:46]} 8. g3 {[%clk
01:27:16]} {[%emt 00:00:38]} O-O {[%clk 01:29:21]} {[%emt 00:00:13]} 9. a3
{[%clk 01:26:08]} {[%emt 00:01:17]} Bd6 {[%clk 01:29:03]} {[%emt 00:00:16]} 10.
Bg2 {[%clk 01:24:40]} {[%emt 00:01:50]} Nd7 {[%clk 01:28:52]} {[%emt 00:00:21]}
11. O-O {[%clk 01:23:54]} {[%emt 00:00:55]} Rc8 {[%clk 01:24:08]} {[%emt
00:04:54]} 12. Qe2 {[%clk 01:22:20]} {[%emt 00:01:43]} a5 {[%clk 01:22:17]}
{[%emt 00:02:02]} 13. a4 {[%clk 01:20:46]} {[%emt 00:01:44]} Qb6 {[%clk
01:12:03]} {[%emt 00:10:24]} 14. Kh2 {[%clk 01:18:22]} {[%emt 00:02:34]} d4
{[%clk 01:10:14]} {[%emt 00:02:00]} 15. Nd1 {[%clk 01:17:55]} {[%emt 00:00:36]}
e5 {[%clk 01:09:55]} {[%emt 00:00:29]} 16. f4 {[%clk 01:16:56]} {[%emt
00:01:09]} f6 {[%clk 01:09:39]} {[%emt 00:00:26]} 17. f5 {[%clk 01:11:22]}
{[%emt 00:05:45]} c5 {[%clk 01:07:54]} {[%emt 00:01:54]} 18. b3 {[%clk
01:09:44]} {[%emt 00:01:49]} Nc6 {[%clk 01:07:48]} {[%emt 00:00:16]} 19. Nb2
{[%clk 01:06:45]} {[%emt 00:03:09]} Nb4 {[%clk 01:04:42]} {[%emt 00:03:16]} 20.
Nc4 {[%clk 01:03:53]} {[%emt 00:03:02]} Qc7 {[%clk 01:03:27]} {[%emt 00:01:24]}
21. Rac1 {[%clk 01:02:44]} {[%emt 00:01:20]} b5 {[%clk 00:56:51]} {[%emt
00:06:47]} 22. axb5 {[%clk 01:00:41]} {[%emt 00:02:12]} Rb8 {[%clk 00:56:08]}
{[%emt 00:00:52]} 23. b6 {[%clk 00:59:50]} {[%emt 00:01:01]} Nxb6 {[%clk
00:56:08]} {[%emt 00:00:06]} 24. Nxa5 {[%clk 00:58:32]} {[%emt 00:01:28]} Ra8
{[%clk 00:56:07]} {[%emt 00:00:12]} 25. Bxb4 {[%clk 00:54:53]} {[%emt
00:03:49]} cxb4 {[%clk 00:56:07]} {[%emt 00:00:06]} 26. Nc4 {[%clk 00:54:06]}
{[%emt 00:00:56]} Ra2 {[%clk 00:55:52]} {[%emt 00:00:25]} 27. Nxd6 {[%clk
00:48:25]} {[%emt 00:05:51]} Qxd6 {[%clk 00:55:25]} {[%emt 00:00:38]} 28. Ra1
{[%clk 00:47:18]} {[%emt 00:01:16]} Rfa8 {[%clk 00:55:20]} {[%emt 00:00:15]} 29.
Rxa2 {[%clk 00:44:30]} {[%emt 00:02:59]} Rxa2 {[%clk 00:55:20]} {[%emt
00:00:04]} 30. Qh5 {[%clk 00:42:17]} {[%emt 00:02:22]} Qb8 {[%clk 00:53:05]}
{[%emt 00:02:24]} 31. Rf2 {[%clk 00:41:56]} {[%emt 00:00:33]} Nd7 {[%clk
00:52:55]} {[%emt 00:00:20]} 32. h4 {[%clk 00:36:47]} {[%emt 00:05:18]} Qc8
{[%clk 00:52:39]} {[%emt 00:00:26]} 33. Qe2 {[%clk 00:33:29]} {[%emt 00:03:29]}
Nc5 {[%clk 00:52:15]} {[%emt 00:00:34]} 34. Qe1 {[%clk 00:31:52]} {[%emt
00:01:47]} Qb7 {[%clk 00:51:48]} {[%emt 00:00:29]} 35. g4 {[%clk 00:30:18]}
{[%emt 00:01:53]} Nd7 {[%clk 00:50:13]} {[%emt 00:01:45]} 36. Bf3 {[%clk
00:27:57]} {[%emt 00:02:31]} Qb5 {[%clk 00:49:39]} {[%emt 00:00:38]} 37. Qg1
{[%clk 00:21:10]} {[%emt 00:07:02]} Qc5 {[%clk 00:49:22]} {[%emt 00:00:27]} 38.
Qg2 {[%clk 00:19:20]} {[%emt 00:02:01]} Ra1 {[%clk 00:47:30]} {[%emt 00:02:02]}
39. g5 {[%clk 00:17:01]} {[%emt 00:02:28]} Qc7 {[%clk 00:46:24]} {[%emt
00:01:17]} 40. Qg4 {[%clk 00:14:10]} {[%emt 00:03:02]} Qc3 {[%clk 00:44:28]}
{[%emt 00:02:05]} 41. Bg2 {[%clk 00:11:13]} {[%emt 00:03:08]} Ra8 {[%clk
00:41:25]} {[%emt 00:03:13]} 42. Bf1 {[%clk 00:08:00]} {[%emt 00:03:22]} Ra2
{[%clk 00:40:21]} {[%emt 00:01:14]} 43. Qg2 {[%emt 00:00:17]} Kf8 {[%clk
00:39:33]} {[%emt 00:00:57]} 44. h5 {[%clk 00:07:43]} {[%emt 00:00:22]} Ra6
{[%clk 00:33:46]} {[%emt 00:05:57]} 45. h6 {[%clk 00:07:26]} {[%emt 00:00:27]}
fxg5 {[%clk 00:28:30]} {[%emt 00:05:26]} 46. hxg7+ {[%clk 00:07:18]} {[%emt
00:00:17]} Kg8 {[%clk 00:27:09]} {[%emt 00:01:30]} 47. Qxg5 {[%clk 00:06:58]}
{[%emt 00:00:31]} Nf6 {[%clk 00:25:48]} {[%emt 00:01:31]} 48. Rg2 {[%clk
00:06:13]} {[%emt 00:00:55]} Qe1 {[%clk 00:25:17]} {[%emt 00:00:41]} 49. Be2
{[%clk 00:06:06]} {[%emt 00:00:16]} Qc3 {[%clk 00:14:22]} {[%emt 00:11:05]} 50.
Bh5 {[%clk 00:04:59]} {[%emt 00:01:17]} Qc7 {[%clk 00:14:16]} {[%emt 00:00:16]}
51. Kh3 {[%clk 00:04:59]} {[%emt 00:00:39]} Qb7 {[%clk 00:10:52]} {[%emt
00:03:31]} 52. Rg3 {[%clk 00:03:10]} {[%emt 00:02:03]} Rc6 {[%clk 00:09:57]}
{[%emt 00:01:05]} 53. Rg2 {[%clk 00:03:05]} {[%emt 00:00:14]} Ra6 {[%clk
00:09:55]} {[%emt 00:00:13]} 54. Bf3 {[%clk 00:02:18]} {[%emt 00:00:56]} Rc6
{[%clk 00:09:39]} {[%emt 00:00:27]} 55. Kh2 {[%clk 00:02:18]} {[%emt 00:00:04]}
Rb6 {[%clk 00:09:39]} {[%emt 00:00:09]} 56. Qg3 {[%clk 00:01:55]} {[%emt
00:00:33]} Qc7 {[%clk 00:09:39]} {[%emt 00:00:08]} 57. Qh3 {[%clk 00:01:50]}
{[%emt 00:00:15]} Ra6 {[%clk 00:09:39]} {[%emt 00:00:08]} 58. Qh4 {[%clk
00:01:33]} {[%emt 00:00:27]} Rb6 {[%clk 00:09:24]} {[%emt 00:00:25]} 59. Qg3
{[%clk 00:01:20]} {[%emt 00:00:23]} Ra6 {[%clk 00:09:24]} {[%emt 00:00:07]} 60.
Qg5 {[%clk 00:01:20]} {[%emt 00:00:09]} Rc6 {[%clk 00:09:20]} {[%emt 00:00:12]}
61. Bh5 {[%emt 00:00:15]} Rb6 {[%clk 00:08:01]} {[%emt 00:01:28]} 62. Bf3
{[%clk 00:01:06]} {[%emt 00:00:22]} Ra6 {[%clk 00:08:01]} {[%emt 00:00:07]} 63.
Qh4 {[%clk 00:01:06]} {[%emt 00:00:03]} Rc6 {[%clk 00:08:00]} {[%emt 00:00:11]}
64. Qf2 {[%clk 00:01:06]} {[%emt 00:00:03]} Ra6 {[%clk 00:08:00]} {[%emt
00:00:07]} 65. Qd2 {[%clk 00:01:06]} {[%emt 00:00:02]} Qe7 {[%clk 00:07:57]}
{[%emt 00:00:12]} 66. Be2 {[%clk 00:01:06]} {[%emt 00:00:08]} Ra1 {[%clk
00:07:05]} {[%emt 00:01:02]} 67. Bf3 {[%clk 00:01:06]} {[%emt 00:00:08]} Nxe4
{[%clk 00:06:22]} {[%emt 00:00:54]} 68. Qh6 {[%clk 00:00:58]} {[%emt 00:00:18]}
Nf6 {[%clk 00:06:01]} {[%emt 00:00:31]} 69. Bc6 {[%clk 00:00:58]} {[%emt
00:00:05]} Ra5 {[%clk 00:04:28]} {[%emt 00:01:43]} 70. Bf3 {[%clk 00:00:58]}
{[%emt 00:00:01]} Rc5 {[%clk 00:04:25]} {[%emt 00:00:13]} 71. Be4 {[%clk
00:00:58]} {[%emt 00:00:07]} Rc7 {[%clk 00:04:16]} {[%emt 00:00:18]} 72. Kh3
{[%clk 00:00:49]} {[%emt 00:00:19]} Rd7 {[%clk 00:04:16]} {[%emt 00:00:04]} 73.
Rg5 {[%clk 00:00:48]} {[%emt 00:00:10]} Rd6 {[%clk 00:04:16]} {[%emt 00:00:02]}
1/2-1/2

[Event "2025 National K-12 Grade Championship"]
[Site "Spokane, WI USA, United States"]
[Date "2025.12.13"]
[Round "4.25"]
[White "Samanta, Aayansh"]
[Black "Zhou, Zihan"]
[Result "1-0"]
[TimeControl "G/90; d10"]
[WhiteFideId "39923290"]
[BlackFideId "39985717"]
[WhiteElo "2093"]
[BlackElo "1901"]

1. e4 {[%clk 01:30:00]} {[%emt 00:00:05]} c6 {[%clk 01:30:00]} {[%emt
00:00:05]} 2. d4 {[%clk 01:30:00]} {[%emt 00:00:03]} d5 {[%clk 01:30:00]}
{[%emt 00:00:04]} 3. Nd2 {[%clk 01:30:00]} {[%emt 00:00:05]} dxe4 {[%clk
01:30:00]} {[%emt 00:00:05]} 4. Nxe4 {[%clk 01:30:00]} {[%emt 00:00:06]} Nd7
{[%clk 01:30:00]} {[%emt 00:00:06]} 5. Qe2 {[%clk 01:30:00]} {[%emt 00:00:07]}
Ndf6 {[%clk 01:30:00]} {[%emt 00:00:05]} 6. Nxf6+ {[%clk 01:29:47]} {[%emt
00:00:23]} Nxf6 {[%clk 01:30:00]} {[%emt 00:00:07]} 7. c3 {[%clk 01:29:41]}
{[%emt 00:00:17]} Bf5 {[%clk 01:29:40]} {[%emt 00:00:30]} 8. Nf3 {[%clk
01:29:06]} {[%emt 00:00:45]} e6 {[%clk 01:29:34]} {[%emt 00:00:15]} 9. Bf4
{[%clk 01:28:59]} {[%emt 00:00:18]} Bd6 {[%clk 01:27:59]} {[%emt 00:01:46]} 10.
Bxd6 {[%clk 01:28:55]} {[%emt 00:00:14]} Qxd6 {[%clk 01:27:59]} {[%emt
00:00:08]} 11. Ne5 {[%clk 01:28:55]} {[%emt 00:00:03]} Nd7 {[%clk 01:25:24]}
{[%emt 00:02:44]} 12. Nxd7 {[%clk 01:13:15]} {[%emt 00:15:50]} Qxd7 {[%clk
01:25:24]} {[%emt 00:00:09]} 13. g4 {[%clk 01:13:07]} {[%emt 00:00:18]} Qd5
{[%clk 01:24:03]} {[%emt 00:01:31]} 14. Rg1 {[%clk 01:12:57]} {[%emt 00:00:20]}
Bg6 {[%clk 01:21:00]} {[%emt 00:03:13]} 15. h4 {[%clk 01:07:43]} {[%emt
00:05:25]} h6 {[%clk 01:19:05]} {[%emt 00:02:04]} 16. Bg2 {[%clk 01:07:38]}
{[%emt 00:00:15]} Qa5 {[%clk 01:18:21]} {[%emt 00:00:54]} 17. a4 {[%clk
01:07:27]} {[%emt 00:00:21]} Qc7 {[%clk 01:07:45]} {[%emt 00:10:44]} 18. h5
{[%clk 01:03:06]} {[%emt 00:04:34]} Bh7 {[%clk 01:07:12]} {[%emt 00:00:42]} 19.
a5 {[%clk 01:02:32]} {[%emt 00:00:45]} O-O {[%clk 01:05:29]} {[%emt 00:01:53]}
20. Qe3 {[%clk 00:58:44]} {[%emt 00:03:58]} f5 {[%clk 00:57:58]} {[%emt
00:07:40]} 21. Bf3 {[%clk 00:55:27]} {[%emt 00:03:27]} Rae8 {[%clk 00:54:48]}
{[%emt 00:03:20]} 22. g5 {[%clk 00:41:44]} {[%emt 00:13:53]} f4 {[%clk
00:53:34]} {[%emt 00:01:25]} 23. Qe2 {[%clk 00:41:13]} {[%emt 00:00:41]} hxg5
{[%clk 00:51:44]} {[%emt 00:01:59]} 24. Rxg5 {[%clk 00:40:41]} {[%emt
00:00:42]} Rf5 {[%clk 00:51:38]} {[%emt 00:00:16]} 25. Rxf5 {[%clk 00:39:46]}
{[%emt 00:01:05]} Bxf5 {[%clk 00:51:38]} {[%emt 00:00:04]} 26. Qe5 {[%clk
00:37:37]} {[%emt 00:02:18]} Qxe5+ {[%clk 00:49:50]} {[%emt 00:01:59]} 27. dxe5
{[%clk 00:37:37]} {[%emt 00:00:02]} Bd3 {[%clk 00:49:36]} {[%emt 00:00:23]} 28.
Rd1 {[%emt 00:02:24]} Ba6 {[%clk 00:47:25]} {[%emt 00:00:10]} 29. Be4 {[%clk
00:37:27]} {[%emt 00:00:18]} Bc4 {[%clk 00:43:51]} {[%emt 00:03:44]} 30. Rd7
{[%clk 00:37:16]} {[%emt 00:00:21]} Bd5 {[%clk 00:43:37]} {[%emt 00:00:25]} 31.
Bg6 {[%clk 00:35:10]} {[%emt 00:02:16]} Rb8 {[%clk 00:43:36]} {[%emt 00:00:10]}
32. Kd2 {[%clk 00:34:50]} {[%emt 00:00:30]} c5 {[%clk 00:42:31]} {[%emt
00:01:15]} 33. Kc2 {[%clk 00:33:49]} {[%emt 00:01:12]} c4 {[%clk 00:41:15]}
{[%emt 00:01:26]} 34. Kb1 {[%clk 00:33:32]} {[%emt 00:00:27]} f3 {[%clk
00:40:06]} {[%emt 00:01:19]} 35. Ka2 {[%clk 00:33:32]} {[%emt 00:00:07]} b6
{[%clk 00:35:59]} {[%emt 00:04:17]} 36. a6 {[%clk 00:32:28]} {[%emt 00:01:14]}
Ra8 {[%clk 00:34:48]} {[%emt 00:01:21]} 37. Rc7 {[%clk 00:32:27]} {[%emt
00:00:11]} Kf8 {[%clk 00:33:53]} {[%emt 00:01:04]} 38. Ka3 {[%clk 00:31:48]}
{[%emt 00:00:49]} Kg8 {[%clk 00:32:08]} {[%emt 00:01:55]} 39. Ka2 {[%clk
00:31:12]} {[%emt 00:00:47]} Kf8 {[%clk 00:32:08]} {[%emt 00:00:09]} 40. Kb1
{[%clk 00:31:12]} {[%emt 00:00:03]} b5 {[%clk 00:30:56]} {[%emt 00:01:22]} 41.
Kc2 {[%clk 00:29:45]} {[%emt 00:01:37]} Rb8 {[%clk 00:28:52]} {[%emt 00:02:13]}
42. Rxa7 {[%clk 00:29:19]} {[%emt 00:00:35]} b4 {[%clk 00:28:35]} {[%emt
00:00:28]} 43. cxb4 {[%clk 00:28:43]} {[%emt 00:00:47]} Rxb4 {[%clk 00:28:33]}
{[%emt 00:00:11]} 44. Rf7+ {[%clk 00:28:43]} {[%emt 00:00:04]} Kg8 {[%clk
00:28:29]} {[%emt 00:00:13]} 45. a7 {[%clk 00:28:40]} {[%emt 00:00:13]} Ra4
{[%clk 00:27:48]} {[%emt 00:00:51]} 46. Re7 {[%clk 00:28:04]} {[%emt 00:00:47]}
Bc6 {[%clk 00:27:34]} {[%emt 00:00:24]} 47. Rc7 {[%clk 00:28:04]} {[%emt
00:00:08]} Kf8 {[%clk 00:26:05]} {[%emt 00:01:39]} 48. Rxc6 {[%clk 00:28:02]}
{[%emt 00:00:13]} Rxa7 {[%clk 00:26:05]} {[%emt 00:00:04]} 49. Rxe6 {[%clk
00:28:02]} {[%emt 00:00:08]} Re7 {[%clk 00:25:57]} {[%emt 00:00:18]} 50. Rxe7
{[%clk 00:28:02]} {[%emt 00:00:06]} Kxe7 {[%clk 00:25:57]} {[%emt 00:00:04]} 51.
Kc3 {[%clk 00:28:02]} {[%emt 00:00:06]} Ke6 {[%clk 00:25:57]} {[%emt 00:00:06]}
52. Kxc4 {[%clk 00:28:02]} {[%emt 00:00:03]} Kxe5 {[%clk 00:25:57]} {[%emt
00:00:05]} 53. b4 {[%clk 00:28:02]} {[%emt 00:00:05]} Kd6 {[%clk 00:25:57]}
{[%emt 00:00:04]} 54. b5 {[%clk 00:28:02]} {[%emt 00:00:04]} Kc7 {[%clk
00:25:57]} {[%emt 00:00:04]} 55. Kc5 {[%clk 00:28:02]} {[%emt 00:00:05]} Kb7
{[%clk 00:25:57]} {[%emt 00:00:06]} 56. b6 {[%clk 00:28:02]} {[%emt 00:00:05]}
Kb8 {[%clk 00:25:57]} {[%emt 00:00:03]} 57. Kc6 {[%clk 00:28:02]} {[%emt
00:00:10]} Ka8 {[%clk 00:25:57]} {[%emt 00:00:07]} 58. Bd3 {[%clk 00:27:40]}
{[%emt 00:00:32]} Kb8 {[%clk 00:25:57]} {[%emt 00:00:06]} 59. b7 {[%clk
00:27:40]} {[%emt 00:00:03]} g5 {[%clk 00:25:55]} {[%emt 00:00:10]} 60. hxg6
{[%clk 00:27:40]} {[%emt 00:00:08]} 1-0